Normal view
MARC view
- Wyeth, N. C.
Entry Personal Name
001 - CONTROL NUMBER
- control field: 98682
003 - CONTROL NUMBER IDENTIFIER
- control field: NUST
005 - DATE AND TIME OF LATEST TRANSACTION
- control field: 20220830122308.0
008 - FIXED-LENGTH DATA ELEMENTS
- fixed length control field: 220830|| aca||aabn | a|a d
040 ## - CATALOGING SOURCE
- Original cataloging agency: NUST
- Transcribing agency: NUST
100 ## - HEADING--PERSONAL NAME
- Personal name: Wyeth, N. C.
- Fuller form of name: (Newell Convers),
- Dates associated with a name: 1882-1945
670 ## - SOURCE DATA FOUND
- Source citation: Work cat.: (NUST)174609: Defoe, Daniel, 1661?-1731. 98599, Robinson Crusoe /, 2003.
